Tous les clubs ayant joué en Top 14. - Statistiques

Statistiques générales
  • Ce quiz a été pris 327 fois
  • Le résultat moyen est 26 sur 36
Statistiques - réponses
# Saisons Matchs Club % Correct
1 30 772 Stade toulousain
100%
4 28 705 Stade français Paris
98%
8 23 576 RC Toulon
97%
12 19 462 Biarritz olympique
96%
19 11 282 Lyon OU
96%
17 14 366 Union Bordeaux Bègles
95%
2 30 744 ASM Clermont
94%
3 30 729 Castres olympique
91%
13 18 457 Aviron bayonnais
91%
10 21 477 Section paloise
89%
11 19 481 Racing 92
89%
5 24 605 Montpellier HR
89%
14 17 401 Stade rochelais
87%
6 24 585 USA Perpignan
86%
33 1 26 RC Vannes
84%
16 15 340 FC Grenoble
81%
7 24 579 CA Brive
79%
22 8 168 US Montauban
77%
24 8 148 CA Bègles-Bordeaux
77%
9 20 460 SU Agen
74%
27 5 105 US Oyonnax
74%
18 12 245 RC Narbonne
70%
26 5 106 Stade montois
69%
23 8 152 AS Béziers
68%
20 9 189 US Dax
65%
32 3 51 RRC Nice
61%
30 3 78 SC Albi
59%
15 16 372 CS Bourgoin-Jallieu
55%
25 5 112 FC Auch
50%
31 3 56 Stade aurillacois
45%
21 9 171 US Colomiers
44%
35 1 18 Paris UC
44%
28 4 73 RC Nîmes
39%
29 4 72 CA Périgueux
24%
36 1 18 Stade dijonnais
17%
34 1 18 FCS Rumilly
6%
Aucun quiz correspondant
Distribution des résultats
% des personnes avec chaque résultat
Percentile par nombre de réponses
Votre historique - résultats
Vous n’avez pas pris ce quiz